BIBLIOTECA PODER JUDICIAL
Portal Judicial TDF

Derecho alimentario como derecho humano fundamental / (Registro nro. 5734)

000 -LEADER
fixed length control field 01250nab a22002897a 4500
003 - CONTROL NUMBER IDENTIFIER
control field OSt
005 - DATE AND TIME OF LATEST TRANSACTION
control field 20260101191755.0
008 - FIXED-LENGTH DATA ELEMENTS--GENERAL INFORMATION
fixed length control field 190514b xxu||||| |||| 00| 0 spa d
040 ## - CATALOGING SOURCE
Transcribing agency PJ
100 ## - MAIN ENTRY--PERSONAL NAME
9 (RLIN) 6654
Personal name Airoldi, Federico
245 10 - TITLE STATEMENT
Title Derecho alimentario como derecho humano fundamental /<br/>
Statement of responsibility, etc Federico Airoldi, Nicole Muni.
300 ## - PHYSICAL DESCRIPTION
Extent p. 79-85
500 ## - GENERAL NOTE
General note Cita: TR LALEY AR/DOC/3262/2024.
505 ## - FORMATTED CONTENTS NOTE
Formatted contents note Sumario: I. El fallo.— II. El caso.— III. Marco normativo.— IV. Interés superior del niño.— V. Palabras de cierre.<br/>
505 ## - FORMATTED CONTENTS NOTE
Formatted contents note Fallo comentado: JFamilia, Niñez y Adolescencia Nro. 4, Corrientes ~ 08/08/2024 ~ T., E. A. s/ alimentos.
650 #0 - SUBJECT ADDED ENTRY--TOPICAL TERM
9 (RLIN) 967
Topical term or geographic name as entry element DERECHO DE FAMILIA
650 #0 - SUBJECT ADDED ENTRY--TOPICAL TERM
9 (RLIN) 2741
Topical term or geographic name as entry element DERECHOS DE LAS NIÑAS, NIÑOS Y ADOLESCENTES
650 #0 - SUBJECT ADDED ENTRY--TOPICAL TERM
9 (RLIN) 614
Topical term or geographic name as entry element DERECHOS HUMANOS
650 #0 - SUBJECT ADDED ENTRY--TOPICAL TERM
9 (RLIN) 4097
Topical term or geographic name as entry element INTERES SUPERIOR DEL NIÑO
650 #0 - SUBJECT ADDED ENTRY--TOPICAL TERM
9 (RLIN) 968
Topical term or geographic name as entry element ALIMENTOS
650 #0 - SUBJECT ADDED ENTRY--TOPICAL TERM
9 (RLIN) 1215
Topical term or geographic name as entry element RESPONSABILIDAD DEL ESTADO
650 #0 - SUBJECT ADDED ENTRY--TOPICAL TERM
9 (RLIN) 1057
Topical term or geographic name as entry element JURISPRUDENCIA APLICABLE
651 ## - SUBJECT ADDED ENTRY--GEOGRAPHIC NAME
Geographic name CORRIENTES
9 (RLIN) 4343
700 ## - ADDED ENTRY--PERSONAL NAME
9 (RLIN) 6655
Personal name Muni, Nicole
Función coautor
773 0# - HOST ITEM ENTRY
Host Biblionumber 2844
Host Itemnumber 3222
Place, publisher, and date of publication Buenos Aires : AbeledoPerrot, 1989-
Title Derecho de familia. Revista Interdisciplinaria de doctrina y jurisprudencia. Febrero 2025-I.
International Standard Book Number 18511201
942 ## - ADDED ENTRY ELEMENTS (KOHA)
Source of classification or shelving scheme
Koha item type Analítica Artículo de Revista

No hay ítems disponibles.

12 de Octubre 789 Ushuaia - Tel:  54(02901)441571
Horario de Atención: 8.00 a 17.00 hs. 
bibliotecaush@justierradelfuego.gov.ar
koha@justierradelfuego.gov.ar
Seguinos en nuestras redes @bibliojustdf 

Con tecnología Koha